LEADER 01668nam 2200541Ia 450 001 9910458276103321 005 20200520144314.0 010 $a1-60780-939-7 035 $a(CKB)2560000000010884 035 $a(EBL)536201 035 $a(OCoLC)645095947 035 $a(SSID)ssj0000674531 035 $a(PQKBManifestationID)11931894 035 $a(PQKBTitleCode)TC0000674531 035 $a(PQKBWorkID)10668043 035 $a(PQKB)10366379 035 $a(MiAaPQ)EBC536201 035 $a(Au-PeEL)EBL536201 035 $a(CaPaEBR)ebr10391192 035 $a(EXLCZ)992560000000010884 100 $a20100806d2010 uy 0 101 0 $aeng 135 $aur|n|---||||| 181 $ctxt 182 $cc 183 $acr 200 00$aQatar$b[electronic resource] $emoney & banking 205 $a2nd ed. 210 $aPetaluma, Calif. $cWorld Trade Press$dc2010 215 $a1 online resource (17 p.) 300 $aDescription based upon print version of record. 330 $aMoney is a primary need when you're on the road and has the potential to cause major stress. Get the upper hand with this informative report on currency, traveler's checks, money wiring, ATMs, banks, and credit cards in Qatar. 517 3 $aQatar money & banking 517 3 $aQatar money and banking 606 $aBanks and banking$zQatar 606 $aMoney$zQatar 608 $aElectronic books. 615 0$aBanks and banking 615 0$aMoney 676 $a332.1 676 $a332.4 801 0$bMiAaPQ 801 1$bMiAaPQ 801 2$bMiAaPQ 906 $aBOOK 912 $a9910458276103321 996 $aQATAR$91209146 997 $aUNINA LEADER 00982nam0 22002531i 450 001 UON00028696 005 20231205102050.729 100 $a20020107d1981 |0itac50 ba 101 $aeng 102 $aTR 105 $a|||| 1|||| 200 1 $aˆA ‰Speech delivered by Mustafa Kemal Ataturk 1927 210 $aAnkara$cBasbakanlik Basimevi$d1981 744 p. ; 23 cm 606 $aATATÜRK$xDISCORSI$3UONC003756$2FI 620 $aTR$dAnkara$3UONL000083 686 $aTUR IV$cTURCHIA - STORIA$2A 700 1$aATATÜRK$bMustafa Kemal$3UONV010651$0637512 712 $aBasbakanlik Basimevi$3UONV246213$4650 801 $aIT$bSOL$c20240220$gRICA 899 $aSIBA - SISTEMA BIBLIOTECARIO DI ATENEO$2UONSI 912 $aUON00028696 950 $aSIBA - SISTEMA BIBLIOTECARIO DI ATENEO$dSI TUR IV 046 $eSI SA 34851 5 046 996 $aSpeech delivered by Mustafa Kemal Ataturk 1927$91187681 997 $aUNIOR